| 000 | 00368nam a22001457a 4500 | ||
|---|---|---|---|
| 020 | _a97807746075562 | ||
| 040 | _cNUST | ||
| 082 | _a823.9208 LES | ||
| 100 |
_aCourtauld, Sarah _996720 |
||
| 110 |
_aDickins, Rosie _996721 |
||
| 245 | _aIllustrated Fairy Tales | ||
| 260 |
_aLondon: _bUsborne, _c2007. |
||
| 650 |
_aIllustrated Fairy Tales _996722 |
||
| 942 |
_2ddc _cBK |
||
| 999 |
_c590845 _d590845 |
||